|
|
|
|
| LEADER |
01064nam a2200253 a 4500 |
| 001 |
3980986 |
| 008 |
090730s1996 enka b 001 0 eng d |
| 010 |
|
|
|a 95044440
|
| 020 |
|
|
|a 0415138574 (hbk.)
|
| 020 |
|
|
|a 0415138582 (pbk.)
|
| 040 |
|
|
|a DLC
|c DLC
|d DLC
|
| 082 |
0 |
0 |
|a 823/.912
|2 20
|
| 100 |
1 |
|
|a Blamires, Harry.
|
| 245 |
1 |
4 |
|a The new Bloomsday book :
|b a guide through Ulysses /
|c Harry Blamires.
|
| 250 |
|
|
|a 3rd ed.
|
| 260 |
|
|
|a London ;
|a New York :
|b Routledge,
|c 1996.
|
| 300 |
|
|
|a xvi, 253 p. :
|b ill. ;
|c 23 cm.
|
| 504 |
|
|
|a Includes bibliographical references and index.
|
| 541 |
1 |
|
|e 00016606
|
| 600 |
1 |
0 |
|a Joyce, James,
|d 1882-1941.
|t Ulysses.
|
| 852 |
4 |
|
|a Ayesha Abed Library
|j General Shelf.
|
| 999 |
|
|
|c 3106
|d 3106
|
| 952 |
|
|
|0 0
|1 0
|2 ddc
|4 0
|6 823_912000000000000_BLA_1996
|7 0
|9 2817
|a BRACUL
|b BRACUL
|c GEN
|d 2009-08-30
|g 2910.00
|l 0
|o 823.912 BLA
|p 3010016606
|r 2009-08-30
|t 1
|w 2009-08-30
|y BK
|
| 952 |
|
|
|0 0
|1 0
|2 ddc
|4 0
|6 823_912000000000000_BLA_2002
|7 0
|9 10410
|a BRACUL
|b BRACUL
|c GEN
|d 2010-05-23
|l 3
|m 10
|o 823.912 BLA
|p 3010020310
|r 2026-01-19
|s 2025-12-24
|t 2
|w 2010-05-23
|y BK
|